[Event "4NCL Division 3 North"]
[Site "Doncaster, ENG"]
[Date "2017.11.11"]
[Round "1.96"]
[White "Johnson, Paul A"]
[Black "Holliday, John K"]
[Result "1/2-1/2"]
[WhiteElo "1840"]
[BlackElo "1675"]
[PlyCount "102"]
[EventDate "2017.11.11"]
[WhiteTeam "Bradford DCA Knights B"]
[BlackTeam "Bradford DCA Knights C"]

1. e4 e6 2. d4 d5 3. Nc3 Bb4 4. e5 c5 5. Bd2 a6 6. a3 cxd4 7. axb4 dxc3 8. Bxc3
Nc6 9. Nf3 Bd7 10. b5 axb5 11. Bxb5 Nge7 12. O-O O-O 13. Qe2 Ng6 14. Rxa8 Qxa8
15. b3 Qb8 16. Re1 Qc7 17. Bb2 Ra8 18. Ba4 Nb4 19. Bxd7 Qxd7 20. Ra1 Rxa1+ 21.
Bxa1 Qc7 22. c4 dxc4 23. Qxc4 Qxc4 24. bxc4 Nc6 25. Bc3 Kf8 26. Kf1 Ke7 27. g3
f6 28. exf6+ gxf6 29. Ke2 e5 30. Ke3 Ke6 31. Nd2 f5 32. Nb3 Kd6 33. f3 h5 34.
Bb2 Nge7 35. Ba3+ Ke6 36. Nc5+ Kf6 37. Nxb7 Nd4 38. Bxe7+ Kxe7 39. f4 Nc2+ 40.
Kd3 Nb4+ 41. Kc3 Nc6 42. fxe5 Nxe5 43. c5 Nf3 44. h4 f4 45. gxf4 Nxh4 46. Kd3
Nf5 47. Ke4 h4 48. Kf3 Kd7 49. Kg4 Kc6 50. Nd6 Ne3+ 51. Kxh4 Kxc5 1/2-1/2

[Event "4NCL Division 3 North"]
[Site "Doncaster, ENG"]
[Date "2017.11.11"]
[Round "1.101"]
[White "Denisov, Seny D"]
[Black "Roberts, Paul"]
[Result "0-1"]
[WhiteElo "1922"]
[BlackElo "2165"]
[PlyCount "76"]
[EventDate "2017.11.11"]
[WhiteTeam "3Cs 3"]
[BlackTeam "Manchester Manticores 2"]

1. e4 d6 2. d4 Nf6 3. Nc3 e5 4. dxe5 dxe5 5. Qxd8+ Kxd8 6. Bg5 Be6 7. O-O-O+
Nbd7 8. Nf3 Bd6 9. Nb5 Ke7 10. Nxd6 cxd6 11. Kb1 h6 12. Bxf6+ Nxf6 13. Nd2 Ng4
14. Re1 Nxf2 15. Rg1 Ng4 16. h3 Nf6 17. Bc4 Rac8 18. Bb3 Nd7 19. Bxe6 Kxe6 20.
Rd1 Rhf8 21. g4 Nb6 22. Nf1 Nc4 23. Ng3 g6 24. Rd3 Rfd8 25. Rgd1 Nb6 26. Ne2 d5
27. Nc3 d4 28. Ne2 Rd7 29. Rf1 f6 30. b3 Rdc7 31. Rc1 Nd7 32. Rd2 b5 33. a3 Nc5
34. Ng3 Nxb3 35. cxb3 Rxc1+ 36. Kb2 Rg1 37. Ne2 Rh1 38. Ng3 Rxh3 0-1

[Event "4NCL Division 3 North"]
[Site "Doncaster, ENG"]
[Date "2017.11.11"]
[Round "1.102"]
[White "Hamer, Martyn"]
[Black "Darwen, David"]
[Result "1-0"]
[WhiteElo "2065"]
[BlackElo "1975"]
[PlyCount "67"]
[EventDate "2017.11.11"]
[WhiteTeam "Manchester Manticores 2"]
[BlackTeam "3Cs 3"]

1. d4 d5 2. c4 c6 3. Nf3 Nf6 4. Qc2 g6 5. Bf4 Bg7 6. e3 O-O 7. Nc3 Bf5 8. Qb3
b6 9. Be2 dxc4 10. Bxc4 b5 11. Be2 Nbd7 12. Ne5 Nxe5 13. Bxe5 Be6 14. Qc2 Qb6
15. O-O Rac8 16. b4 Nd5 17. Bxg7 Kxg7 18. Qb2 Qb7 19. Ne4 Rc7 20. Nc5 Qc8 21.
e4 Nf6 22. Rfc1 Kg8 23. f3 Ne8 24. Rc3 Nd6 25. Nxe6 Qxe6 26. Rac1 Rfc8 27. R1c2
Qd7 28. Qc1 Nxe4 29. fxe4 Qxd4+ 30. Qe3 Qxb4 31. a3 Qb1+ 32. Rc1 Qb2 33. e5 c5
34. R3c2 1-0

[Event "4NCL Division 3 North"]
[Site "Doncaster, ENG"]
[Date "2017.11.11"]
[Round "1.103"]
[White "Ye, Kevin"]
[Black "Timson, Paul F"]
[Result "1-0"]
[WhiteElo "1742"]
[BlackElo "2027"]
[PlyCount "41"]
[EventDate "2017.11.11"]
[WhiteTeam "3Cs 3"]
[BlackTeam "Manchester Manticores 2"]

1. e4 c5 2. c3 Nf6 3. e5 Nd5 4. d4 e6 5. Nf3 cxd4 6. cxd4 Bb4+ 7. Bd2 Bxd2+ 8.
Nbxd2 O-O 9. Bc4 Nb6 10. O-O d6 11. Rc1 Bd7 12. Bd3 Bc6 13. exd6 f5 14. Nc4
Nxc4 15. Bxc4 Qxd6 16. Re1 Bd5 17. Ng5 Rf6 18. Bxd5 exd5 19. Rc8+ Rf8 20. Rxf8+
Kxf8 21. Qh5 1-0

[Event "4NCL Division 3 North"]
[Site "Doncaster, ENG"]
[Date "2017.11.11"]
[Round "1.104"]
[White "Mulleady, Peter J"]
[Black "Denisov, Denis"]
[Result "1-0"]
[WhiteElo "2065"]
[BlackElo "1750"]
[PlyCount "99"]
[EventDate "2017.11.11"]
[WhiteTeam "Manchester Manticores 2"]
[BlackTeam "3Cs 3"]

1. d4 Nf6 2. Bf4 e6 3. e3 c5 4. c3 d5 5. Nd2 Bd6 6. Bg3 Bxg3 7. hxg3 cxd4 8.
exd4 Nc6 9. Ngf3 a6 10. Bd3 b5 11. Ne5 Bb7 12. Qe2 Qc7 13. f4 h6 14. g4 Nd7 15.
Ndf3 Ncxe5 16. fxe5 Nb6 17. g5 O-O-O 18. gxh6 gxh6 19. a3 Rdg8 20. O-O-O Nc4
21. Kb1 Kb8 22. Nd2 Rg3 23. Nf1 Rg5 24. Ne3 Rg3 25. Nc2 Qe7 26. Qf2 Rhg8 27.
Bf1 R3g6 28. Qf4 Qf8 29. Rd3 Qg7 30. Rf3 Rg4 31. Qc1 Rh8 32. Rfh3 Rg6 33. b3
Na5 34. Kb2 f5 35. exf6 Rxf6 36. Qe3 Ka7 37. Ne1 Nc6 38. Nd3 Rhf8 39. Rg3 Qf7
40. Be2 Rg8 41. Rxg8 Qxg8 42. Bf3 Qf8 43. Ne5 Qg7 44. Ng4 Rg6 45. Rh4 h5 46.
Nf2 Rg5 47. Nh3 Rf5 48. Nf2 Bc8 49. Nd3 Rg5 50. Qe2 1-0

[Event "4NCL Division 3 North"]
[Site "Doncaster, ENG"]
[Date "2017.11.11"]
[Round "1.105"]
[White "Harman, George"]
[Black "Trueman, Glenn"]
[Result "1/2-1/2"]
[WhiteElo "1660"]
[BlackElo "1937"]
[PlyCount "44"]
[EventDate "2017.11.11"]
[WhiteTeam "3Cs 3"]
[BlackTeam "Manchester Manticores 2"]

1. e4 e6 2. c4 d5 3. cxd5 exd5 4. exd5 Nf6 5. Nc3 Nxd5 6. Nf3 Be7 7. Bc4 c6 8.
O-O O-O 9. d4 Bg4 10. h3 Bh5 11. Re1 Nb6 12. Bb3 N8d7 13. Bf4 Nf6 14. Bg5 h6
15. Bf4 Nbd5 16. Bxd5 Nxd5 17. Nxd5 cxd5 18. Qb3 Bxf3 19. Qxf3 Qd7 20. Rac1
Rac8 21. Rxc8 Rxc8 22. Re5 Rd8 1/2-1/2

[Event "4NCL Division 3 North"]
[Site "Doncaster, ENG"]
[Date "2017.11.11"]
[Round "1.106"]
[White "Jaques, Andrew"]
[Black "McGee, Peter"]
[Result "1-0"]
[WhiteElo "1967"]
[BlackElo "1337"]
[PlyCount "53"]
[EventDate "2017.11.11"]
[WhiteTeam "Manchester Manticores 2"]
[BlackTeam "3Cs 3"]

1. e4 c5 2. Nc3 Nc6 3. f4 g6 4. Nf3 Bg7 5. Bb5 Nd4 6. O-O a6 7. Bc4 e6 8. d3 b5
9. Bb3 Ne7 10. Nxd4 cxd4 11. Ne2 O-O 12. Qe1 Nc6 13. Qf2 Bb7 14. Bd2 Rc8 15. f5
Qf6 16. Qg3 Qe7 17. Bg5 f6 18. Bf4 g5 19. Bd6 Qe8 20. Qh3 g4 21. Qxg4 Ne5 22.
Bxe5 fxe5 23. f6 Rf7 24. Ng3 Kh8 25. fxg7+ Rxg7 26. Qh5 Qe7 27. Qxe5 1-0